Common NBA - MLS Cities - Statistics

General Stats
  • This quiz has been taken 572 times
    481 since last reset
  • The average score is 15 of 16
Answer Stats
City NBA MLS % Correct
Chicago Bulls Fire
99%
Los Angeles Lakers / Clippers Galaxy / FC
98%
Miami Heat Inter
98%
New York Knicks / Nets Red Bulls / City
98%
Boston Celtics Revolution
97%
Philadelphia 76ers Union
95%
Denver Nuggets Rapids
94%
Houston Rockets Dynamo
94%
Orlando Magic City
94%
Atlanta Hawks United
93%
Dallas Mavericks FC
93%
Portland Trail Blazers Timbers
92%
Washington Wizards United
92%
Toronto Raptors FC
90%
Salt Lake City Jazz Real
80%
Minneapolis Timberwolves United
66%
No matching quizzes found
Score Distribution
Percent of People with Each Score
Percentile by Number Answered
Your Score History
You have not taken this quiz since the last reset